01184 a2200217 4500003000500000005001700005010001600022020004100038040000900079082002000088100002600108245010300134260004500237300004200282505038700324650005200711650004100763942001300804999001900817952013000836Nust20221007161035.0 a 96015479 a0471149292 (paper : acid-free paper) cNust00a650.0285575,BER1 aBernard, Ryan.99950314aThe corporate intranet :bcreate and manage an internal Web for your organization /cRyan Bernard. aNew York :bWiley Computer Pub.,cc1996. axviii, 395 p. :bill., maps ;c24 cm. aWhat Every Business Can Learn From The Internet (Page-2), A New Kind Of Information System (Page-30), The Birth Of Information Center (Page-72), The Intranet In Practice (Page-132), Toward The Paperless Office (Page-166), Harnessing The New Media (Page-210), Serving Data And Applications (Page-244), Interfacing With The Internet (Page-288), Managing The Web Explosion (Page-314).  0aBusiness enterprisesxComputer networks.999504 0aIntranets (Computer networks)996444 cREF2ddc c175185d175185 00102ddc4070aMCSbMCScREFd2016-12-12o650.0285575,BERpMCS26478r2016-12-08w2016-12-12yREFzAlmirah No.24, Shelf No.4